| Tag |
First Indicator |
Second Indicator |
Subfields |
| LEADER |
00000cam a2200000 a 4500 |
| 001 |
in00000049024 |
| 005 |
20151029102259.0 |
| 008 |
820120s1981 at b 00100 eng |
| 010 |
|
|
|a 81162174
|
| 015 |
|
|
|a Aus***
|
| 019 |
|
|
|a 7792140
|
| 020 |
|
|
|a 0195505905
|
| 035 |
|
|
|a (OCoLC)07720755
|
| 035 |
|
|
|9 AAF3861AM
|
| 039 |
0 |
|
|a 2
|b 3
|c 3
|d 3
|e 3
|
| 040 |
|
|
|a DLC
|c DLC
|d TXA
|d UtOrBLW
|
| 043 |
|
|
|a u-at---
|
| 049 |
|
|
|a TXAM
|c [1561602]
|
| 050 |
0 |
0 |
|a PR9604.3
|b O9 1981
|
| 082 |
0 |
|
|a 820/.9/994
|2 19
|
| 245 |
0 |
4 |
|a The Oxford history of Australian literature /
|c edited by Leonie Kramer ; with contributions by Adrian Mitchell [and others].
|
| 264 |
|
1 |
|a Melbourne ;
|a New York :
|b Oxford University Press,
|c 1981.
|
| 300 |
|
|
|a vi, 509 pages ;
|c 22 cm.
|
| 336 |
|
|
|a text
|b txt
|2 rdacontent
|
| 337 |
|
|
|a unmediated
|b n
|2 rdamedia
|
| 338 |
|
|
|a volume
|b nc
|2 rdacarrier
|
| 500 |
|
|
|a Includes index.
|
| 504 |
|
|
|a Bibliography: pages 433-490.
|
| 650 |
|
0 |
|a Australian literature
|x History and criticism.
|
| 700 |
1 |
|
|a Kramer, Leonie Judith Gibson.
|
| 700 |
1 |
|
|a Mitchell, Adrian,
|d 1941-
|
| 999 |
|
|
|a MARS
|
| 999 |
f |
f |
|s cf7cbfd1-f1ec-3ece-9080-2759782ad0da
|i 02b1e815-468d-38d9-a4c4-82c7092031f0
|t 0
|
| 952 |
f |
f |
|p ric
|a Texas A&M University
|b Rellis Campus
|c Joint Library Facility
|d Remote Storage
|t 0
|e PR9604.3 O9 1981
|h Library of Congress classification
|i unmediated -- volume
|m A14805943103
|
| 998 |
f |
f |
|a PR9604.3 O9 1981
|t 0
|l Remote Storage
|